The Unofficial Real Racing 3 Quiz (Amateur Difficulty) - Statistics

General Stats
  • This quiz has been taken 20 times
  • The average score is 11 of 15
Answer Stats
Question Answer % Correct
Which of the pictures below corresponds to the event type: "Hunter"
100%
Which of these race tracks are completely fictional, and are only in-game?
92%
Which of these is the newest currency added to Real Racing 3? M$ (or Motorsport Dollars)
92%
What year was Real Racing 3 released to the public? 2013
83%
What is the name of the two main developers of Real Racing 3? Electronic Arts and the Firemonkeys
83%
What 2 cars are first available to the player when starting Real Racing 3? Ford Focus RS & Nissan Silvia (S15)
83%
Which of these cars was the first to receive its own exclusive series?
75%
Which car manufacturer has the most models in Real Racing 3? Porsche
75%
What is the first series unlocked in Real Racing 3? Pure Stock Challenge
67%
TRUE OR FALSE: Each crew member (Manager, Agent, Engineer) can be hired separately for 1 gold. TRUE
67%
TRUE OR FALSE: The Real Racing Franchise is the only game developed by the Firemonkeys. FALSE
58%
What years were Real Racing and Real Racing 2 released? 2009 & 2010
50%
TRUE OR FALSE: Real Racing 3 was also released on Blackberry 10 devices. TRUE
50%
What country is Real Racing 3 based from? Australia
42%
TRUE OR FALSE: Real Racing 3 is the only free game out of the Real Racing franchise. TRUE
42%
No matching quizzes found
Score Distribution
Percent of People with Each Score
Percentile by Number Answered
Your Score History
You have not taken this quiz